World Megacities That End in a Consonant - Statistics

General Stats
  • This quiz has been taken 167 times
    36 since last reset
  • The average score is 14 of 19
Answer Stats
Population Agglomeration % Correct
11.6 m Paris
100%
15.4 m London
93%
17.4 m Los Angeles
93%
19.1 m Moscow
93%
21.8 m Beijing
90%
16.2 m Istanbul
83%
25.4 m Seoul
83%
17.2 m Tehran
83%
22.4 m Bangkok
80%
12.9 m Wuhan
77%
17.0 m Buenos Aires
73%
15.1 m Johannesburg
73%
21.9 m Lagos
70%
13.2 m Chongqing
63%
13.7 m Xi'an
63%
12.1 m Hyderabad
50%
15.8 m Xiamen
47%
11.8 m Tianjin
43%
10.2 m Ahmedabad
40%
No matching quizzes found
Score Distribution
Percent of People with Each Score
Percentile by Number Answered
Your Score History
You have not taken this quiz since the last reset